000 00382nam a2200145Ia 4500
008 210716s2002 xx 000 0 und d
020 _a013041560X
041 _aeng
082 _a331.133 LEVA
100 _aLevy, Anne C; Paludi, Michele A.
245 _aWorkplace sexual harassment.
260 _aNew Jersey
_bPrentice Hall
_c2002
300 _a196
650 _aGeneral Knowledge
999 _c198326
_d198326